| 000 | 00495nam a2200193Ia 4500 | ||
|---|---|---|---|
| 005 | 20250610105213.0 | ||
| 008 | 008 250505s9999 xx 000 0 eng d | ||
| 020 | _a9789389811735 | ||
| 040 |
_beng _cILCL |
||
| 041 |
_aeng _2eng |
||
| 084 | _aX:8C R0 | ||
| 100 | _aRamachandran N | ||
| 245 | 0 | _aFinancial Accounting For Management | |
| 250 | _a5 | ||
| 260 |
_aIndia _bMcGraw Hill _c2020 |
||
| 300 | _axxvi,621p. | ||
| 700 | _aRam Kumar Kakani | ||
| 942 |
_cTB _2Colon Classification |
||
| 999 |
_c1312234 _d1312234 |
||